A boy names Harry (Record no. 4034)

MARC details
000 -LEADER
fixed length control field 00922nam a22002417a 4500
001 - CONTROL NUMBER
control field 4034
003 - CONTROL NUMBER IDENTIFIER
control field FISKH
005 - DATE AND TIME OF LATEST TRANSACTION
control field 20240531155846.0
008 - FIXED-LENGTH DATA ELEMENTS--GENERAL INFORMATION
fixed length control field 240531b cb ||||| |||| 00| 0 eng d
040 ## - CATALOGING SOURCE
Original cataloging agency FISKH
Language of cataloging eng
Transcribing agency FISKH
Modifying agency FISKH
050 ## - LIBRARY OF CONGRESS CALL NUMBER
Classification number LT1000.Y3745
082 ## - DEWEY DECIMAL CLASSIFICATION NUMBER
Classification number 959.57
100 ## - MAIN ENTRY--PERSONAL NAME
Personal name Yee, Patrick
245 ## - TITLE STATEMENT
Title A boy names Harry
Remainder of title The childhood of Lee Kuan Yew
Statement of responsibility, etc. Patrick Yee
250 ## - EDITION STATEMENT
Edition statement First Edition
260 ## - PUBLICATION, DISTRIBUTION, ETC.
Place of publication, distribution, etc. Singapore :
Name of publisher, distributor, etc. Epigram Books,
Date of publication, distribution, etc. 2014
300 ## - PHYSICAL DESCRIPTION
Extent 38 unnumbered pages :
Dimensions 26 cm
505 ## - FORMATTED CONTENTS NOTE
Formatted contents note K
520 ## - SUMMARY, ETC.
Summary, etc. Singapore's first prime minister, Lee Kuan Yew, was called Harry when he was young. In school, he was at times playfl and mischievous, but also had a fighting spirit and a determination to do well. This book introduces Harry and talks about his life from birth to college.--Publisher's description
521 8# - TARGET AUDIENCE NOTE
Target audience note 510 <br/>
Source Lexile estimate
521 8# - TARGET AUDIENCE NOTE
Target audience note Raz-Plus
Source K
942 ## - ADDED ENTRY ELEMENTS (KOHA)
Source of classification or shelving scheme Dewey Decimal Classification
Koha item type Books
Suppress in OPAC No
Holdings
Withdrawn status Lost status Source of classification or shelving scheme Damaged status Not for loan Collection Home library Current library Shelving location Date acquired Total Checkouts Full call number Barcode Date last seen Date last checked out Price effective from Koha item type
    Dewey Decimal Classification     Non-Fiction Footprints International School Library Network Toul Kork Campus Footprints International School Library Network Toul Kork Campus TK Primary Library Room(4th Floor), Bookcase 3&4, Shelves 17-32, Yellow Books 05/31/2024 1 YEE 959.57 LT1000.Y3745 2024-0765 06/05/2025 03/13/2025 05/31/2024 Books